Anthologie de la poésie francaise

Αποθηκεύτηκε σε:
Λεπτομέρειες βιβλιογραφικής εγγραφής
Κύριος συγγραφέας: Fouchet, Max Pol
Μορφή: Βιβλίο
Γλώσσα:Undetermined
Έκδοση: París, Francia Seghers 1974
Θέματα:
Ετικέτες: Προσθήκη ετικέτας
Δεν υπάρχουν, Καταχωρήστε ετικέτα πρώτοι!

MARC

LEADER 00000nam a2200000Ia 4500
008 170316s9999 xx 000 0 und d
040 |a cru BVZT 
090 |a A-840 F-1a 
100 |a Fouchet, Max Pol 
245 |a Anthologie de la poésie francaise 
260 |a París, Francia 
260 |b Seghers 
260 |c 1974 
300 |a 592 páginas 
650 |a LITERATURA FRANCESA 
650 |a ANTOLOGÍA 
999 |c 12412  |d 12412 
942 |c 15 D  |h A-840 F-1a  |2 z